[Event "GER-ch U25-B"]
[Site "Willingen"]
[Date "2023.06.01"]
[Round "7"]
[White "Hoffmann, Alexander4444"]
[Black "Sperling, Max"]
[Result "1/2-1/2"]
[WhiteElo "1568"]
[BlackElo "1527"]
[PlyCount "41"]
[EventDate "2023.05.27"]
[EventType "swiss"]
[EventRounds "9"]
[EventCountry "GER"]
[SourceTitle "CBM 214 Extra"]
[Source "ChessBase"]
[SourceDate "2023.07.31"]
[SourceVersion "1"]
[SourceVersionDate "2023.07.31"]
[SourceQuality "1"]

1. c4 e6 2. g3 Nf6 3. Nf3 d5 4. Bg2 Be7 5. 0-0 0-0 6. d4 b6 7. Bf4 Bb7 8. Nbd2 Nbd7 9. Rc1 c5 10. e3 Rc8 11. Qb3 Nh5 12. g4 Nxf4 13. exf4 dxc4 14. Rxc4 Bd5 15. Rfc1 Bxc4 16. Nxc4 cxd4 17. Nxd4 Nc5 18. Qe3 Nd7 19. Nc6 Bc5 20. Qd2 Qe8 21. Nxa7 1/2-1/2

[Event "GER-ch U25-B"]
[Site "Willingen"]
[Date "2023.05.28"]
[Round "1"]
[White "Groessing, Daniel Yosuke"]
[Black "Sperling, Max"]
[Result "1/2-1/2"]
[WhiteElo "1615"]
[BlackElo "1527"]
[PlyCount "72"]
[EventDate "2023.05.27"]
[EventType "swiss"]
[EventRounds "9"]
[EventCountry "GER"]
[SourceTitle "CBM 214 Extra"]
[Source "ChessBase"]
[SourceDate "2023.07.31"]
[SourceVersion "1"]
[SourceVersionDate "2023.07.31"]
[SourceQuality "1"]

1. d4 Nf6 2. c4 e6 3. Nc3 d5 4. Bg5 Be7 5. Nf3 0-0 6. e3 b6 7. cxd5 exd5 8. Bd3 Bb7 9. 0-0 Nbd7 10. Rc1 c5 11. Bb1 Re8 12. h3 a6 13. dxc5 Nxc5 14. Nd4 g6 15. a3 Nfe4 16. Bf4 Bg5 17. Bh2 Nxf2 18. Rxf2 Bxe3 19. Rcc2 Qf6 20. Rcd2 Nd3 21. Bxd3 Qxd4 22. Bf1 Bxf2+ 23. Rxf2 Qxd1 24. Nxd1 Re1 25. Rd2 Rae8 26. Bg3 R1e7 27. Nc3 Rd7 28. Rd4 h5 29. Bc4 Kg7 30. Bh4 f6 31. Bb3 Bc6 32. Kf2 g5 33. Bg3 Kh6 34. h4 Kg7 35. Bd1 Kh6 36. Be2 a5 1/2-1/2